00319nam a2200121Ia 4500008004100000041000800041082001700049100001800066245004500084260003400129300002500163365000900188240624s9999 xx 000 0 und d aeng a338.973 SMI  aSMICK DAVID M aGREAT EQUALIZER HOW MAIN STREET CAPITALI c2017aNew YorkbPublicAffairs axxii, 232 p.; 23 cm. cb38